| 000 | 00541nam a22001697a 4500 | ||
|---|---|---|---|
| 999 |
_c17792 _d17792 |
||
| 008 | 190701b xxu||||| |||| 00| 0 eng d | ||
| 020 | _a0789024330 | ||
| 040 |
_aKABU _cKABU |
||
| 050 |
_aTX911 _b.C87 2003 C.1 |
||
| 245 |
_aCurrent issues and development in hospitality and tourism satisfaction _cJohn A. Williams, Muzaffer Uysal (Editors) |
||
| 260 |
_aNew York _bRoutledge _c2003 |
||
| 300 | _a 205 p. | ||
| 650 | _aHospitality industry. | ||
| 700 | _aWilliams, John A. | ||
| 700 | _aUysal, Muzaffer. | ||
| 942 |
_2lcc _cBK _hTX911 |
||